000 00302nam a22001337a 4500
008 170814b xxu||||| |||| 00| 0 eng d
020 _a9780130452894
041 _aeng
080 _a51
100 _a36
101 _aMAT
245 _aINTRODUCTION COMPUTER MATHEMATICS
_cCOOK.N.P
942 _2udc
_cBK
999 _c23276
_d23276